Регионална библиотека "Любен Каравелов" - Русе

Най-важните наредби по безопасност и здраве при работа в предприятието (Запис номер 65902)

MARC детайли
000 -Лидер
Контролно поле с фиксирана дължина 02356nam a2200397 c 4500
003 - Код на организацията, давaща контролен номер
Контролно поле BLK
005 - Дата и час на последна редакция
Контролно поле 20180420223412.0
008 - Елементи от данни с фиксирана дължина
fixed length control field 180408b bul|||||r ||||||| ||bul||
010 ## - Наследен системен номер
LC control number KNG00070184000
020 ## - Международен стандартен номер на книга ISBN
Международен стандартен номер на книга ISBN 954-608-128-0
-- издат.: Труд и право
040 ## - Източник на каталожния запис
Идентификатор на билиотеката - собственик на записа BLK
041 ## - Код за език
Код за езика на текст/звукозапис или на отделно заглавие Български
Код за езика КДБФ Български
080 ## - УДК
Текстов определител УДК Трудово законодателство. Работническо законодателство. Социално законодателство
УДК код - определител по УДК 351.83
УДК определител :331.4(497.2)(094.57)
УДК - код + определител 351.83:331.4(497.2)(094.57)
080 ## - УДК
Текстов определител УДК Трудово законодателство. Работническо законодателство. Социално законодателство
УДК код - определител по УДК 351.83
УДК определител :658.382(497.2)(094.57)
УДК - код + определител 351.83:658.382(497.2)(094.57)
139 ## - Редно поле
Редна дума Най-важните наредби по безопасност и здраве при работа в предприятието
Авторски знак Наи - Н 17
245 10 - Сведения за заглавието
Заглавие Най-важните наредби по безопасност и здраве при работа в предприятието
Подзаглавни данни По Кодекса на труда ; По закона за здравословни и безопасни условия на труд ; По техн. надзор на съоръженията с повишена опасност
257 ## - Страна на издаване
Страна на създаване/издаване България
260 ## - Област на издателските данни
-- София
Име на издателя, разпространителя и проч. Труд и право
Година на издаване 2006
Печатница София : Д. Благоев
300 ## - Физическа характеристика
Страници 736 с.
Размери/Мащаб 21 см
380 ## - Жанр
Жанр Обществени науки
500 ## - Общи забележки
Забележка Офс. изд.
650 #4 - Допълнително описание по предмет – тема
Основно описание – тема или топоним Охрана на труда - България - законодателни и директивни материали
9 (RLIN) 272882
650 #4 - Допълнително описание по предмет – тема
Основно описание – тема или топоним Техника на безопасността - България - законодателни и директивни материали
9 (RLIN) 262920
650 #4 - Допълнително описание по предмет – тема
Основно описание – тема или топоним Хигиена на труда - България - законодателни и директивни материали
9 (RLIN) 262922
653 ## - Ключова дума – ненормативна
Ключова дума охрана на труда
653 ## - Ключова дума – ненормативна
Ключова дума техника на безопасността
653 ## - Ключова дума – ненормативна
Ключова дума хигиена на труда
653 ## - Ключова дума – ненормативна
Ключова дума закони
653 ## - Ключова дума – ненормативна
Ключова дума нормативни документи
653 ## - Ключова дума – ненормативна
Ключова дума България
852 ## - Местоположение
Форматна сигнатура Цб 230540
856 4# - Електронен адрес и достъп
Електронен формат pdf - файл
Път до файла /url/
856 4# - Електронен адрес и достъп
Електронен формат pdf - файл
Път до файла /url/
942 ## - АРТИКУЛИ
Вид на библиотечния материал Книги
Скрит в OPAC Не
944 ## - СЪЗДАВАНЕ И РЕДАКЦИЯ на ЗАПИСА
Създаване/Редакция Създаване
Дата на регистрацията/редакция 21.12.2006
Служител, извършил регистрацията/редакцията Людмила_Стоянова
944 ## - СЪЗДАВАНЕ И РЕДАКЦИЯ на ЗАПИСА
Създаване/Редакция Редакция
Дата на регистрацията/редакция 14.05.2007
Служител, извършил регистрацията/редакцията
999 ## - СИСТЕМНИ КОНТРОЛНИ НОМЕРА
Koha biblionumber 65902
Koha biblioitemnumber 65902
Наличности
Код за отписване Код за изгубен артикул Код за повреда Коз за рестрикции Код за отдаване Артикулен № Име на библиотеката - собственик Име на библиотеката, в която се намира в момента Статус (Текущо местоположение) Дата на вписване в системата Местоположение - отдел Цена в лева Инвентарен номер Систематично азбучна сигнатура Баркод Номер на екземпляра Цена в евро Служебна бележка Служебен тип на артикула
Изтеглен Не е изгубен Не е повреден без рестрикции ползва се в читалня 108813 Регионална библиотека "Любен Каравелов" Русе Регионална библиотека "Любен Каравелов" Русе Читалня 2006-12-20 Читалня 18.00 120000707756 Ч 351.83/Н 17 120000707756 1 9.20 Дост: Pk Вид: Ф N: 47565 Дата: 20.12.2006 Дата инв: 29.03.2017 Бележки инв: Ч2017 Книги
  Не е изгубен Не е повреден без рестрикции ползва се в читалня 108814 Регионална библиотека "Любен Каравелов" Русе Регионална библиотека "Любен Каравелов" Русе Хранилище 2007-04-27 Хранилище 18.00 120000712985 Цб 230540 120000712985 2 9.20 Дост: Dp Вид: Д N: 45 Дата: 11.10.2006 Книги
Vip Innovations Ltd, Rousse, Bulgaria 2025